| 000 | 00000nam 2200000zi 4500 |
| 001 | 9.867932 |
| 003 | CaOODSP |
| 005 | 20221107162439 |
| 006 | m o d f |
| 007 | cr ||||||||||| |
| 008 | 190201s1960 onc ot f|0| 0 eng d |
| 040 | |aCaOODSP|beng|erda|cCaOODSP |
| 041 | |aeng|bfre |
| 043 | |an-cn--- |
| 086 | 1 |aM38-1/70-1960E-PDF |
| 100 | 1 |aKim, J. W., |eauthor. |
| 245 | 12|aA study of mercury-cathode membrane cells for the electrolytic reduction of uranyl solutions / |cby J. W. Kim and R. Simard. |
| 264 | 1|aOttawa : |bDepartment of Mines and Technical Surveys, |c1960. |
| 300 | |a1 online resource (iv, 32 pages) |
| 336 | |atext|btxt|2rdacontent |
| 337 | |acomputer|bc|2rdamedia |
| 338 | |aonline resource|bcr|2rdacarrier |
| 490 | 1 |aMines Branch Research Report ; |vR 70 |
| 500 | |a"September 28, 1960." |
| 504 | |aIncludes bibliographic references. |
| 520 | |a"Bench-scale horizontal cation-permeable membrane cells were constructed to study the effect of cell dimensions on the efficiency of electrolytic reduction of uranyl sulphate solutions flowing continuously over a mercury cathode"--Synopsis, page i. |
| 546 | |aIncludes abstract in French. |
| 692 | 07|2gccst|aChemicals |
| 700 | 1 |aSimard, R., |eauthor. |
| 710 | 1 |aCanada. |bDepartment of Mines and Technical Surveys. |
| 710 | 1 |aCanada. |bMines Branch. |
| 830 | #0|aResearch report (Canada. Mines Branch)|vR 70.|w(CaOODSP)9.855660 |
| 856 | 40|qPDF|s2.70 MB|uhttps://publications.gc.ca/collections/collection_2019/rncan-nrcan/m38-1/M38-1-70-1960-eng.pdf |